000
00288nam a2200109Ia 4500
008
210430s9999 xx 000 0 und d
082
_a
620.1127 H476H
100
_a
Charles Hellier
245
_a
Handbook of Nondestructive Evaluation
_c
Charles Hellier
300
_a
549
942
_c
BK
_2
ddc
999
_c
565144
_d
565144